00723nam a22002057a 4500003000900000008004100009040007100050082001500121100003300136245010700169260001800276300004300294505005200337650001700389650001800406650001100424700003300435700001800468700003100486AR-CdUCM190427b ||||| |||| 00| 0 spa d aMUNICIPALIDAD PROVINCIAL DEL CUSCOcBIBLIOTECA MUNICIPAL DEL CUSCO a980 /bM19 aFernández Pinillos, José aConcejo Provincial de Lima :bComisión Municipal del Sesquicentenario de la Independencia Nacional / aLima :c1971. a82 páginas ;bFotografías,c25 cm. aContenido: Acta de la independencia del Perú. aSan Martín aIndependencia aPerú aFlóres de Franco, Haydée aDelta, Carlos aPonce Sobrevilla, Leonidas